Cargos tradicionales del Pueblo Bribrí : Sio'Tami-Oköm-Awá /
Збережено в:
| Автори: | , |
|---|---|
| Формат: | Невідомо |
| Мова: | Spanish |
| Опубліковано: |
San José, Costa Rica :
Instituto Costarricense de Electricidad,
2008.
|
| Предмети: | |
| Теги: |
Додати тег
Немає тегів, Будьте першим, хто поставить тег для цього запису!
|
MARC
| LEADER | 000000000a22000000004500 | ||
|---|---|---|---|
| 001 | 010993 | ||
| 041 | 0 | |a spa | |
| 082 | 0 | 4 | |a 497.8 |b J37c |
| 100 | 1 | |a Jara Murillo, Carla Victoria | |
| 100 | 1 | |a García Segura, Alí | |
| 245 | 1 | 0 | |a Cargos tradicionales del Pueblo Bribrí : |b Sio'Tami-Oköm-Awá / |c Carla Victoria Jara Murillo, Alí García Segura. |
| 260 | 1 | |a San José, Costa Rica : |b Instituto Costarricense de Electricidad, |c 2008. | |
| 300 | |a 195 páginas | ||
| 650 | 4 | |a INDIOS BRIBRIS | |
| 650 | 4 | |a TRADICIONES | |
| 650 | 4 | |a VIDA SOCIAL Y COSTUMBRES | |
| 999 | |c 16313 |d 16313 | ||
| 942 | |c BK |h 497.8 J37c |2 z | ||
